Politics of representative bureaucracy power, legitimacy and performance /

Bibliographic Details
Corporate Author: ebrary, Inc
Other Authors: Peters, B. Guy (Editor), Maravić, Patrick von (Editor), Schröter, Eckhard (Editor)
Format: Electronic eBook
Language:English
Published: Cheltenham ; Northampton, Massachusetts : Edward Elgar, [2015]
Subjects:
Online Access:Connect to the full text of this electronic book

MARC

Tag First Indicator Second Indicator Subfields
LEADER 00000cam a2200000Ka 4500
001 in00003526921
006 m o d
007 cr |||||||||||
008 140613s2015 enk o 000 0 eng d
005 20250816210524.1
020 |a 9780857936011  |q electronic bk. 
020 |a 0857936018  |q electronic bk. 
035 |a (NhCcYBP)ebr11047426 
040 |a NhCcYBP  |c NhCcYBP 
050 4 |a JF1351  |b .P65 2015 
072 7 |a POL  |x 040010  |2 bisacsh 
072 7 |a POL  |x 017000  |2 bisacsh 
082 0 4 |a 351  |2 23 
245 0 0 |a Politics of representative bureaucracy  |h [electronic resource] :  |b power, legitimacy and performance /  |c edited by B. Guy Peters, Patrick von Maravić, Eckhard Schröter. 
264 1 |a Cheltenham ;  |a Northampton, Massachusetts :  |b Edward Elgar,  |c [2015] 
300 |a 1 online resource. 
336 |a text  |2 rdacontent  |b txt 
337 |a computer  |2 rdamedia 
338 |a online resource  |2 rdacarrier  |b cr 
588 |a Description based on online resource; title from digital title page (viewed on May 06, 2015). 
650 0 |a Public administration. 
650 0 |a Representative government and representation. 
650 0 |a Democracy. 
655 7 |a Electronic books.  |2 local 
700 1 |a Peters, B. Guy,  |e editor. 
700 1 |a Maravić, Patrick von,  |e editor. 
700 1 |a Schröter, Eckhard,  |e editor. 
710 2 |a ebrary, Inc. 
776 1 8 |i Print version:  |z 9780857936004 
856 4 1 |u https://ebookcentral.proquest.com/lib/tamucs/detail.action?docID=2033402  |y Connect to the full text of this electronic book  |t 0 
955 |a YBP purchased DDA e-records 
980 |b 144.00  |g 1 
987 |a ybp12398745 
999 f f |s d70aa498-28c1-38b2-a27f-688cf5b135de  |i 81a40d03-6b6f-3a4c-b96a-d62ab03d172b  |t 0 
952 f f |a Texas A&M University  |b College Station  |c Electronic Resources  |d Available Online  |t 0  |e JF1351 .P65 2015  |h Library of Congress classification 
998 f f |a JF1351 .P65 2015  |t 0  |l Available Online